Výber najvhodnejšej dodacej podmienky pri dovoze z tretích krajín bakalárska práca
Enregistré dans:
| Auteur principal: | |
|---|---|
| Collectivité auteur: | |
| Autres auteurs: | |
| Format: | Livre |
| Langue: | slovaque |
| Publié: |
Košice
2018
|
| Tags: |
Pas de tags, Soyez le premier à ajouter un tag!
|
MARC
| LEADER | 00000nbm a2200000 4500 | ||
|---|---|---|---|
| 001 | 0245700 | ||
| 005 | 20181023135957.6 | ||
| 041 | 0 | |a slo | |
| 044 | |a SK | ||
| 245 | 1 | 0 | |a Výber najvhodnejšej dodacej podmienky pri dovoze z tretích krajín |b bakalárska práca |c Alena Čuchranová ; školiteľ: Jozef Gajdoš |
| 264 | 1 | |a Košice |c 2018 | |
| 300 | |a 51 s. | ||
| 100 | 1 | |a Čuchranová, Alena | |
| 700 | 1 | |a Gajdoš, Jozef, 1962-2025 | |
| 710 | 2 | |a Podnikovohospodárska fakulta EU so sídlom v Košiciach. Katedra obchodného podnikania | |